000 00476ntaaa2200193 4500
003 01
005 20251027202128.0
008 0714s1973 ag 01
040 _aAR-BaBN
_bspa
_cAR-BaBN
_eaacr
_dRIC
082 _a261.83434 W65r
100 _aWilkerson, David
_94087
245 _aRojo, verde, violeta
250 _a1 ed.
260 _aTarrasa :
_bClie,
_c1974
300 _a157 p
500 _aLas jóvenes rebeldes y la religión
650 _ajovenes
_91664
942 _cBK
999 _c16179
_d16179